01998nam a2200313 i 450000100060000000300090000600500170001500700030003200800410003501700520007602000180012802400240014608000270017010000490019724500490024626000730029530000490036849000520041750000360046950400400050552007730054563000450131871000670136383000520143085200400148294200230152299900170154595201220156293367ES-MaACL20250824063036.0t|050524s2003 sp ||||1| spa d aM 48163-2003 bOficina Depósito Legal Madrid  a84-00-08165-X a403-03-111-12nipo  a(05)(460.235 B.)(091) 1 aLabajo, María Trinidad,d1968-eaut96919610aLecturas / cM.ª Trinidad Labajo González aMadrid : bConsejo Superior de Investigaciones Científicas, c2003 a407 páginas ; c22 cm + e1 disco (CD-ROM)1 aColección Literatura breve (CSIC)v119219539 aBasado en la tesis de la autora aBibliografía: páginas [397]-407 aEstudio sobre una de las publicaciones más importantes en el panorama cultural español, la revista "Lecturas", que nació en 1921 como suplemento literario de "El Hogar y la moda". La obra explora diversas facetas de "Lecturas", desde su origen, dirección y orientación, hasta sus distintas secciones (cuento, novela, teatro, cinematografía) y los principales colaboradores, muchos de ellos destacados en literatura, historia o arte. Se tratan en ella, además, otros aspectos relacionados con la sociología del acto comunicativo, entre los que destacan el estado cultural, las colaboraciones educativas o los tipos de receptores. La obra se acompaña de una bibliografía, donde el lector podrá consultar los índices y contenidos de esta revista 0aLecturas (Barcelona)- vHistoria92419902 aConsejo Superior de Investigaciones Científicaseedt9241991 0aColección Literatura breve (CSIC)v1192195394 aES-MaACLbR.135416cDEPO2jL-29113  2udccMONOGRAFIAn0 c93367d93367 00104070aATENEOMbATENEOMcDEPO2d2008-01-17eSCl0oL-29113p1097460r2023-02-23 00:00:00w2023-02-23yMONOGRAFIA